000 00261nam a22001217a 4500
008 170614b xxu||||| |||| 00| 0 eng d
041 _aeng
080 _a32
100 _a19
101 _aSHP
245 _aINSIDE LATIN AMERICA
_cHAPER.J.G
942 _2udc
_cBK
999 _c17298
_d17298